000 00284nam a22001337a 4500
008 170602b xxu||||| |||| 00| 0 eng d
020 _a9781592130016
041 _aeng
080 _a93
100 _a17
101 _aSHH
245 _aGLOBAL DECISIONS
_cRANNEY, D
942 _2udc
_cBK
999 _c15537
_d15537